| 000 | 00410nam a22001097a 4500 | ||
|---|---|---|---|
| 082 |
_a344.0095491 _bPLC |
||
| 245 |
_aPakistan Labour Cases 2005 : _bA Journal of Civil Services & Labour Laws / _cFounded by Malik Mir Muhammad and Edited by H. B. Tanvir et all |
||
| 260 |
_aLahore : _bPLD Publishers, _c2005. |
||
| 300 |
_aVol: 1. 474, Vol: 2. 644 and Vol: 3. 933 p. ; _c23cm. |
||
| 563 | _aHB. | ||
| 942 |
_2ddc _cCR _s1 |
||
| 999 |
_c595190 _d595190 |
||